Top 10 gesuchte Persönlichkeiten auf Google 2024 - Statistiken

Allgemein
  • Dieses Quiz wurde 66 mal gespielt
  • Das Durchschnittsergebnis liegt bei 3 aus 10
Antwortstatistiken
Position Persönlichkeit % Korrekt
4 Donald Trump
78%
1 Stefan Raab
73%
2 Kamala Harris
45%
3 Joe Biden
42%
9 Taylor Swift
42%
10 Jamal Musiala
22%
8 Toni Kroos
15%
7 Cora Schumacher
0%
6 Pietro Lombardi
0%
5 Ralf Schumacher
0%
Keine übereinstimmenden Quizze gefunden
Verteilung der Resultate
Anzahl Personen mit jedem Resultat
Perzentil nach korrekt beantworteten Fragen
Ihre Resultats-Entwicklung
Sie haben dieses Quiz noch nicht gespielt